FAMOUS FIVE- FIVE GET INTO TROUBLE (Record no. 8792)
[ view plain ]
| 000 -LEADER | |
|---|---|
| fixed length control field | 00298nam a22001097a 4500 |
| 082 ## - DEWEY DECIMAL CLASSIFICATION NUMBER | |
| Classification number | 823 |
| Item number | BLY/F |
| 100 ## - MAIN ENTRY--AUTHOR NAME | |
| Personal name | BLYTON, ENID |
| 245 ## - TITLE STATEMENT | |
| Title | FAMOUS FIVE- FIVE GET INTO TROUBLE |
| 246 ## - VARYING FORM OF TITLE | |
| Title proper/short title | FAMOUS FIVE- FIVE GET INTO TROUBLE |
| Remainder of title | FAMOUS FIVE- FIVE GET INTO TROUBLE |
| 650 ## - SUBJECT ADDED ENTRY--TOPICAL TERM | |
| Topical Term | ENGLISH FICTION |
| 942 ## - ADDED ENTRY ELEMENTS (KOHA) | |
| Koha item type | Books |
| Withdrawn status | Lost status | Collection code | Home library | Current library | Date acquired | Source of acquisition | Full call number | Accession Number | Koha item type |
|---|---|---|---|---|---|---|---|---|---|
| Lost | Fiction | Main Library | Main Library | 24/07/2024 | PURCHASED | 823 BLY/F | 00058 | Books |